| 000 | 00560nam a2200169Ia 4500 | ||
|---|---|---|---|
| 008 | 090201s9999 xx 000 0 und d | ||
| 010 | _aKPL-55017 | ||
| 040 | _bमराठी | ||
| 041 | _aमराठी | ||
| 082 |
_a39492 _b55017 |
||
| 100 | _aवंसत नरहर फेणे | ||
| 245 |
_aपहिला अघ्याय _cवंसत नरहर फेणे |
||
| 260 |
_c2004 _bमेहता पब्लिशिंग हाउस |
||
| 300 |
_a199 _bमोठा |
||
| 600 | _aपहिला अघ्याय | ||
| 942 | _cBOOK | ||
| 999 |
_c236818 _d236818 |
||